00510nam a22001817a 450000500170000000800410001702000180005804000210007604100080009708200130010510000240011824500780014225000120022026000390023230000160027165000280028765000130031520240506075753.0240506b |||||||| |||| 00| 0 eng d a9789385756665 aIN-DiNCcIN-DiNC deng a327bARA aAran, Anandeauthor aPerspectives on International relations and world history/cby Anand Aran a1st ed. aMeerut:bBalaji publishers,c2018. aviii, 308p. aInternational relations aCold war